00193nam a2200073Ia 4500008004100000082001300041100001700054245004800071240331s9999 xx 000 0 und d a301bSAN aSandywell, B 0aReflexivity and the crisis of western reaso